000 00309nam a2200133Ia 4500
008 191201s2013 xx 000 0 und d
100 _aSCHILLER, Jochen
245 0 _aMobile Communications
250 _aIMP
260 _aN. Delhi
_bPearson
_c2013
300 _a492
650 _aM.Tech(CSE)
942 _2ddc
_cBK
999 _c5765
_d5765